000 00287nam a2200133 i 4500
001 bg
245 0 _aElektroljuminescencija tverdych tel.
260 _aKiev,
_c1971.
040 _cBPK
041 _apol
080 _a535.37
942 _cKS
008 s pl f |000 0 pol
999 _c14071
_d14071
856 _uhttp://koha.tu.koszalin.pl/cgi-bin/koha/opac-detail.pl?biblionumber=14071
_yKatalog online BPK